Central Library OPAC University of Rajshahi

The geographer's craft / (Record no. 22059)

MARC details
000 -LEADER
fixed length control field 00805nam a2200253 4500
001 - CONTROL NUMBER
control field 22059
003 - CONTROL NUMBER IDENTIFIER
rucl marc code BD-RjUL
005 - DATE AND TIME OF LATEST TRANSACTION
control field 20211209000748.0
008 - FIXED-LENGTH DATA ELEMENTS--GENERAL INFORMATION
fixed length control field 140306s1967 enkabcf b 001 0 eng
035 ## - SYSTEM CONTROL NUMBER
System control number (BD-RjUL)22124
040 ## - CATALOGING SOURCE
Original cataloging agency DLC
Transcribing agency DLC
Modifying agency DLC
-- BD-RjUL
Language of cataloging eng
041 ## - LANGUAGE CODE
Language code of text/sound track or separate title eng
082 00 - DEWEY DECIMAL CLASSIFICATION NUMBER
Classification number 910.0924
Author mark and year FRG 1967
100 1# - MAIN ENTRY--PERSONAL NAME
Personal name Freeman, Thomas Walter.
9 (RLIN) 17338
245 14 - TITLE STATEMENT
Title The geographer's craft /
Statement of responsibility, etc. T. W. Freeman.
260 ## - PUBLICATION, DISTRIBUTION, ETC. (IMPRINT)
Place of publication, distribution, etc. Manchester ;
Name of publisher, distributor, etc. Manchester U.P. ;
Place of publication, distribution, etc. New York :
Name of publisher, distributor, etc. Barnes & Noble,
Date of publication, distribution, etc. c1967.
300 ## - PHYSICAL DESCRIPTION
Pagination xi, 204 p. :
Illustrations ill., 4 plates (ports.), maps, tables, diagrs. ;
Size 22 cm.
504 ## - BIBLIOGRAPHY, ETC. NOTE
Bibliography, etc Includes bibliographical references and index.
650 #0 - SUBJECT ADDED ENTRY--TOPICAL TERM
Topical term or geographic name as entry element Geography
General subdivision Methodology.
9 (RLIN) 68137
Topical term or geographic name as entry element Geographers.
9 (RLIN) 68138
942 ## - ADDED ENTRY ELEMENTS (KOHA)
Source of classification or shelving scheme Dewey Decimal Classification
Koha item type Books
Holdings
Lost status Source of classification or shelving scheme Damaged status Not for loan Collection code Permanent Location Current Location Shelving location Date acquired Source of acquisition Cost, normal purchase price Total Checkouts Full call number Date last seen Copy number Koha item type
  Dewey Decimal Classification     Non-fiction Central Library, University of Rajshahi Central Library, University of Rajshahi   23/08/1968 Zitlinger 23.00   910.0924 FRG 1967 06/03/2014 C-3 Books